00268nam a22001097a 4500008004100000020002200041082001100063100001800074245002700092260001900119300002000138230411b |||||||| |||| 00| 0 eng d a978-0-241-51243-2 a813.54 aRichard Osman aThe bullet that missed bViking, c2022 a412 p.c23.5 cm